| 000 | 00644nam a2200229Ia 4500 | ||
|---|---|---|---|
| 003 | GCL | ||
| 008 | 140319s9999 xx 000 0 aFre d | ||
| 040 |
_aGCL / _cGCL |
||
| 082 | 0 | 4 |
_a939.78 _bL N |
| 100 | 1 | _aLECLANT, JEAN | |
| 245 | 1 | 0 |
_aNOTES D'HISTOIRE ET DE CIVILISATION E'THIOPIENNES (EXTRAIT DU B.I.F.A.O TOME 51) / _cLECLANT, JEAN |
| 700 | 1 | _aYOYOTTE, JEAN | |
| 260 |
_a[S.N] : _bI.F.A.O ، _c1951 |
||
| 300 | _a39 P | ||
| 650 | 0 | 4 | _aARCHAEOLOGY |
| 650 | 0 | 4 | _aATHIOPIAN CIVILIZATION |
| 650 | 0 | 4 | _aKAWA TEMPLE |
| 650 | 0 | 4 | _aNAPATA - DYNASTY(EGYPT) |
| 650 | 0 | 4 | _aELEPHANT IN (EGYPT) |
| 650 | 0 | 4 | _aEDFU TEMPLE |
| 942 |
_2ddc _cBK |
||
| 999 |
_c20402 _d20402 |
||